Stanley and his heroic relief of Emin Pasha / (Record no. 12324)
[ view plain ]
| 000 -LEADER | |
|---|---|
| fixed length control field | 00559cam a22001932 4500 |
| 001 - CONTROL NUMBER | |
| control field | 0000000456 |
| 005 - DATE AND TIME OF LATEST TRANSACTION | |
| control field | 20151217155801.0 |
| 008 - FIXED-LENGTH DATA ELEMENTS--GENERAL INFORMATION | |
| fixed length control field | 070202s xx 000 0 eng d |
| 040 ## - CATALOGING SOURCE | |
| Original cataloging agency | KABU |
| Transcribing agency | KABU |
| 050 #0 - LIBRARY OF CONGRESS CALL NUMBER | |
| Classification number | DT351 |
| Item number | .S7S36 |
| 100 1# - MAIN ENTRY--PERSONAL NAME | |
| Personal name | Scott, E. P. |
| -- | 0000148654 |
| 245 10 - TITLE STATEMENT | |
| Title | Stanley and his heroic relief of Emin Pasha / |
| Statement of responsibility, etc. | E. P. Scott. |
| 260 ## - PUBLICATION, DISTRIBUTION, ETC. (IMPRINT) | |
| Place of publication, distribution, etc. | London : |
| Name of publisher, distributor, etc. | Dean, |
| Date of publication, distribution, etc. | [n.d.] |
| 300 ## - PHYSICAL DESCRIPTION | |
| Extent | 246, p. |
| 600 10 - SUBJECT ADDED ENTRY--PERSONAL NAME | |
| Personal name | Stanley, Henry Morton, Sir. |
| -- | 0000148655 |
| 908 ## - PUT COMMAND PARAMETER (RLIN) | |
| Put command parameter | 070202 |
| 950 ## - LOCAL HOLDINGS (RLIN) | |
| -- | 1 |
| Withdrawn status | Lost status | Source of classification or shelving scheme | Not for loan | Home library | Current library | Date acquired | Total Checkouts | Full call number | Barcode | Date last seen | Price effective from | Koha item type |
|---|---|---|---|---|---|---|---|---|---|---|---|---|
| Library of Congress Classification | Kabarak, Main Campus | Kabarak, Main Campus | 17/12/2015 | DT351 .S7S36 | 006472 | 17/12/2015 | 17/12/2015 | Africana Collection |